000 00452nam a2200157 i 4500
001 40825
003 ES-MaACL
005 20230906160322.0
007 t|
008 030307s1970 sp ||||1| spa d
110 2 _aCáritas Española.
_92442
245 1 0 _aActividades de Cáritas Española en 1969 /
_cCáritas Española.
260 _a[Madrid :
_bs.n.,
_c1970] (
_fImp. Minuesa)
300 _a101 p. ;
_c31 cm.
852 _aES-MaACL
_jC-41678
_bR.75349
999 _c40825
_d40825